<?xml version="1.0" encoding="UTF-8"?>
<record
    xmlns:xsi="http://www.w3.org/2001/XMLSchema-instance"
    xsi:schemaLocation="http://www.loc.gov/MARC21/slim http://www.loc.gov/standards/marcxml/schema/MARC21slim.xsd"
    xmlns="http://www.loc.gov/MARC21/slim">

  <leader>00569cam a2200157 a 4500</leader>
  <datafield tag="020" ind1=" " ind2=" ">
    <subfield code="a">2908912155 :</subfield>
  </datafield>
  <datafield tag="040" ind1=" " ind2=" ">
    <subfield code="c">DLC</subfield>
  </datafield>
  <datafield tag="082" ind1="0" ind2="0">
    <subfield code="a">303 PRE 1994 A011 Or.</subfield>
  </datafield>
  <datafield tag="245" ind1="0" ind2="2">
    <subfield code="a">L'Espagne et la France &#xE0; l'&#xE9;poque de la R&#xE9;volution fran&#xE7;aise (1793-1807) :</subfield>
    <subfield code="b">actes du colloque organis&#xE9; &#xE0; Perpignan les 1er, 2 et 3 octobre 1992 /</subfield>
  </datafield>
  <datafield tag="260" ind1=" " ind2=" ">
    <subfield code="a">Perpignan :</subfield>
    <subfield code="b">Presses universitaires de Perpignan,</subfield>
    <subfield code="c">c1994.</subfield>
  </datafield>
  <datafield tag="300" ind1=" " ind2=" ">
    <subfield code="a">421 p. :</subfield>
    <subfield code="b">ill., maps ;</subfield>
    <subfield code="c">24 cm.</subfield>
  </datafield>
  <datafield tag="490" ind1="1" ind2=" ">
    <subfield code="a">Collection Etudes</subfield>
  </datafield>
  <datafield tag="650" ind1=" " ind2="0">
    <subfield code="a">First Coalition, War of the, 1792-1797</subfield>
  </datafield>
  <datafield tag="700" ind1="1" ind2=" ">
    <subfield code="a">Sagnes, Jean.</subfield>
  </datafield>
  <datafield tag="942" ind1=" " ind2=" ">
    <subfield code="c">EK</subfield>
  </datafield>
  <datafield tag="999" ind1=" " ind2=" ">
    <subfield code="c">13605</subfield>
    <subfield code="d">13605</subfield>
  </datafield>
  <datafield tag="952" ind1=" " ind2=" ">
    <subfield code="0">0</subfield>
    <subfield code="1">0</subfield>
    <subfield code="4">0</subfield>
    <subfield code="6">303_000000000000000_PRE_1994_A011_OR</subfield>
    <subfield code="7">0</subfield>
    <subfield code="9">64778</subfield>
    <subfield code="a">LBA</subfield>
    <subfield code="b">LBA</subfield>
    <subfield code="c">A011</subfield>
    <subfield code="d">2017-08-29</subfield>
    <subfield code="o">303 PRE 1994 A011 Or.</subfield>
    <subfield code="p">A19787</subfield>
    <subfield code="r">2017-08-29</subfield>
    <subfield code="w">2017-08-29</subfield>
    <subfield code="y">FB</subfield>
  </datafield>
</record>
